[Event "12. Obert Pobla de Lillet 2002"]
[Site "La Pobla de Lillet ESP"]
[Date "2002.08.05"]
[Round "4.8"]
[White "Kovacevic, Slobodan"]
[Black "Martorell Aguado, Joan"]
[Result "1-0"]
[WhiteElo "2374"]
[BlackElo "2076"]
[PlyCount "67"]
[EventDate "2002.08.02"]
[EventType "swiss"]
[EventRounds "9"]
[EventCountry "ESP"]
[Source "lmi"]
[SourceDate "2002.08.02"]

1. d4 Nf6 2. Nf3 g6 3. c3 Bg7 4. Bg5 d6 5. Nbd2 O-O 6. e4 Nbd7 7. Qc2 e5 8.
dxe5 dxe5 9. Be2 c6 10. O-O h6 11. Bh4 Qc7 12. b4 g5 13. Bg3 Nh5 14. Rfd1 Nf4
15. Bf1 Nb6 16. Nb3 Bg4 17. Nbd2 Rad8 18. h3 Be6 19. a4 Nc8 20. Bc4 Ne7 21.
Bxe6 Nxe6 22. Nc4 Nf4 23. a5 Neg6 24. Ne3 Ne7 25. h4 Bf6 26. Ng4 Kg7 27. hxg5
hxg5 28. Rxd8 Rxd8 29. Rd1 Rh8 30. Bxf4 gxf4 31. Qd3 Ng6 32. Qd7 Qxd7 33. Rxd7
Rd8 34. Nxf6 1-0

[Event "12. Obert Pobla de Lillet 2002"]
[Site "La Pobla de Lillet ESP"]
[Date "2002.08.05"]
[Round "4.9"]
[White "Ayza Ballester, Jordi"]
[Black "Foisor, Sabina"]
[Result "1-0"]
[WhiteElo "2289"]
[BlackElo "2038"]
[PlyCount "95"]
[EventDate "2002.08.02"]
[EventType "swiss"]
[EventRounds "9"]
[EventCountry "ESP"]
[Source "lmi"]
[SourceDate "2002.08.02"]

1. e4 c5 2. Nf3 a6 3. d4 cxd4 4. Nxd4 Nf6 5. Nc3 e5 6. Nf3 Bb4 7. Qd3 O-O 8.
Bg5 Qb6 9. Bxf6 Qxf6 10. Nd2 Bc5 11. f3 Nc6 12. Nd5 Qh4+ 13. g3 Qh5 14. O-O-O
d6 15. Kb1 Be6 16. h4 Bxd5 17. Qxd5 Nb4 18. Qb3 a5 19. a4 Bf2 20. g4 Qh6 21.
Nc4 Nc6 22. Qd3 Bc5 23. g5 Qh5 24. c3 Rad8 25. Be2 Qg6 26. Ne3 Bxe3 27. Qxe3
Qe6 28. Qd3 Ne7 29. Qb5 d5 30. Qxa5 Nc6 31. Qb5 d4 32. Bc4 Qd6 33. h5 Ra8 34.
g6 hxg6 35. hxg6 Qxg6 36. Rdg1 Qf6 37. Rg3 Ra5 38. Qb3 Rb8 39. Rhg1 Kf8 40.
cxd4 exd4 41. Rh1 Ke7 42. Rh7 Rg5 43. Rxg5 Qxg5 44. Bxf7 Qg1+ 45. Ka2 Nd8 46.
Bd5 b5 47. Qb4+ Kd7 48. Qf8 1-0

[Event "12. Obert Pobla de Lillet 2002"]
[Site "La Pobla de Lillet ESP"]
[Date "2002.08.06"]
[Round "5.1"]
[White "Sulypa, Alexandre"]
[Black "Pogorelov, Ruslan"]
[Result "0-1"]
[WhiteElo "2505"]
[BlackElo "2453"]
[PlyCount "54"]
[EventDate "2002.08.02"]
[EventType "swiss"]
[EventRounds "9"]
[EventCountry "ESP"]
[Source "lmi"]
[SourceDate "2002.08.02"]

1. e4 e6 2. d4 d5 3. Nd2 c5 4. Ngf3 cxd4 5. exd5 Qxd5 6. Bc4 Qd6 7. O-O Nf6 8.
Nb3 Nc6 9. Nbxd4 Nxd4 10. Nxd4 a6 11. Bb3 Qc7 12. Bg5 Bd6 13. Bxf6 gxf6 14. h3
Bd7 15. c3 O-O-O 16. Qh5 Rdf8 17. Qh4 f5 18. Rae1 Rhg8 19. Qxh7 Bc6 20. Nxc6
Qxc6 21. f3 Bc7 22. Re2 Qc5+ 23. Kh1 Qd6 24. f4 Rh8 25. Qg7 Qd3 26. Bd1 Bxf4
27. Ref2 Bc7 0-1

[Event "12. Obert Pobla de Lillet 2002"]
[Site "La Pobla de Lillet ESP"]
[Date "2002.08.06"]
[Round "5.2"]
[White "Felgaer, Ruben"]
[Black "Kovacevic, Slobodan"]
[Result "1-0"]
[WhiteElo "2528"]
[BlackElo "2374"]
[PlyCount "103"]
[EventDate "2002.08.02"]
[EventType "swiss"]
[EventRounds "9"]
[EventCountry "ESP"]
[Source "lmi"]
[SourceDate "2002.08.02"]

1. e4 c5 2. Nf3 e6 3. Nc3 a6 4. g3 d6 5. Bg2 Nc6 6. d4 cxd4 7. Nxd4 Bd7 8. O-O
Nf6 9. a4 Be7 10. b3 Rc8 11. Nce2 O-O 12. Bb2 Rb8 13. Qd2 Qc7 14. h3 b5 15.
axb5 axb5 16. Nf4 Rfd8 17. Rfc1 Be8 18. Qe3 Rb7 19. g4 h6 20. Nde2 Rbb8 21. Kh1
Rdc8 22. Ng3 Bd7 23. Nfh5 e5 24. Nxf6+ Bxf6 25. Rd1 Be6 26. Qd2 Rd8 27. Nh5 Be7
28. f4 g6 29. f5 Bg5 30. Nf6+ Kg7 31. Ne8+ Rxe8 32. Qxd6 Qb6 33. fxe6 Rxe6 34.
Qd3 Rf6 35. Rf1 Rd8 36. Qg3 Qc7 37. h4 Rxf1+ 38. Bxf1 Bf6 39. Bxb5 Nd4 40. Bc4
Qe7 41. Ba3 Qc7 42. Rf1 g5 43. Qf2 Rd6 44. c3 Nc6 45. Qc5 Rd8 46. Qf2 Rd6 47.
hxg5 hxg5 48. Bxd6 Qxd6 49. b4 Nb8 50. Qa7 Nd7 51. Bd5 Qe7 52. c4 1-0

[Event "12. Obert Pobla de Lillet 2002"]
[Site "La Pobla de Lillet ESP"]
[Date "2002.08.06"]
[Round "5.3"]
[White "Peralta, Fernando"]
[Black "Ayza Ballester, Jordi"]
[Result "1-0"]
[WhiteElo "2499"]
[BlackElo "2289"]
[PlyCount "81"]
[EventDate "2002.08.02"]
[EventType "swiss"]
[EventRounds "9"]
[EventCountry "ESP"]
[Source "lmi"]
[SourceDate "2002.08.02"]

1. Nf3 c5 2. c4 Nc6 3. e3 g6 4. d4 d6 5. d5 Nb8 6. e4 Bg7 7. Nc3 Nh6 8. Bf4 f6
9. Be2 a6 10. O-O O-O 11. h3 Nf7 12. Qd2 Nd7 13. Ne1 Nde5 14. Be3 g5 15. Kh2
Rb8 16. a4 Kh8 17. b3 Rg8 18. Nd3 Nxd3 19. Bxd3 Bh6 20. a5 Ne5 21. Bc2 Bd7 22.
f3 Rc8 23. Ne2 Ng6 24. Ng3 Ne5 25. Kg1 Rb8 26. Kf2 Bf8 27. Rh1 Ng6 28. Nf5 b6
29. axb6 Rxb6 30. h4 gxh4 31. Nxh4 Nxh4 32. Rxh4 e5 33. dxe6 Bxe6 34. Bxc5 Rb7
35. Bd4 Rbg7 36. g4 Be7 37. Rah1 Rf8 38. Rh6 Kg8 39. Qc3 Qe8 40. Qa5 Bc8 41.
Qd5+ 1-0

[Event "12. Obert Pobla de Lillet 2002"]
[Site "La Pobla de Lillet ESP"]
[Date "2002.08.06"]
[Round "5.4"]
[White "Vazquez, Renier"]
[Black "Berzinsh, Roland"]
[Result "1/2-1/2"]
[WhiteElo "2406"]
[BlackElo "2463"]
[PlyCount "121"]
[EventDate "2002.08.02"]
[EventType "swiss"]
[EventRounds "9"]
[EventCountry "ESP"]
[Source "lmi"]
[SourceDate "2002.08.02"]

1. e4 e5 2. Nf3 Nc6 3. Bb5 a6 4. Ba4 Nf6 5. O-O b5 6. Bb3 Bb7 7. Re1 Be7 8. d3
O-O 9. Nbd2 Re8 10. Nf1 Na5 11. Nxe5 Nxb3 12. axb3 d5 13. Nxf7 Kxf7 14. e5 Bb4
15. c3 d4 16. cxb4 Qd5 17. f3 Rxe5 18. Rxe5 Qxe5 19. Ng3 Nd5 20. Bd2 Kg8 21.
Qc2 Ne3 22. Qc5 Bd5 23. Re1 Re8 24. Ne4 Bxb3 25. Qxe5 Rxe5 26. Bxe3 dxe3 27.
Rxe3 Rd5 28. Nc5 Bc2 29. Re2 Bxd3 30. Rd2 Bc4 31. Rxd5 Bxd5 32. Nxa6 c6 33. Kf2
Kf7 34. Ke3 g5 35. g3 Kf6 36. Nc5 Ke5 37. Nd3+ Kf5 38. g4+ Kf6 39. f4 Be6 40.
f5 Bd5 41. Nc5 h6 42. Nd7+ Ke7 43. Ne5 Kf6 44. Kd4 Bg2 45. Nd7+ Ke7 46. Ne5 Kf6
47. Nd3 Bh1 48. Nf2 Bf3 49. Ke3 Bg2 50. Kd4 Bf3 51. b3 Be2 52. Kc5 Bf3 53. Kd6
Bd5 54. Kd7 Bf3 55. Ke8 Bd5 56. Kf8 Bf3 57. Kg8 h5 58. h3 hxg4 59. hxg4 Bxg4
60. Nxg4+ Kxf5 61. Nf2 1/2-1/2

[Event "12. Obert Pobla de Lillet 2002"]
[Site "La Pobla de Lillet ESP"]
[Date "2002.08.06"]
[Round "5.5"]
[White "Ayas Fernandez, Antonio"]
[Black "Abreu, Aryam"]
[Result "0-1"]
[WhiteElo "2285"]
[BlackElo "2454"]
[PlyCount "48"]
[EventDate "2002.08.02"]
[EventType "swiss"]
[EventRounds "9"]
[EventCountry "ESP"]
[Source "lmi"]
[SourceDate "2002.08.02"]

1. e4 c5 2. Nf3 d6 3. d4 cxd4 4. Nxd4 Nf6 5. Nc3 a6 6. f3 e6 7. Be3 b5 8. g4 h6
9. Bd3 Nbd7 10. Qd2 Bb7 11. O-O-O b4 12. Nce2 d5 13. exd5 Nxd5 14. Nxe6 fxe6
15. Bg6+ Ke7 16. Nf4 Qa5 17. Kb1 Ne5 18. Qf2 Kd7 19. Nxe6 Nxg6 20. Bb6 Qb5 21.
Nc7 Bc5 22. Bxc5 Kxc7 23. Qg3+ Kc8 24. Qd6 Ngf4 0-1

[Event "12. Obert Pobla de Lillet 2002"]
[Site "La Pobla de Lillet ESP"]
[Date "2002.08.06"]
[Round "5.6"]
[White "Zarrouati, Pierre"]
[Black "Dziuba, Marcin"]
[Result "0-1"]
[WhiteElo "2181"]
[BlackElo "2454"]
[PlyCount "64"]
[EventDate "2002.08.02"]
[EventType "swiss"]
[EventRounds "9"]
[EventCountry "ESP"]
[Source "lmi"]
[SourceDate "2002.08.02"]

1. d4 c5 2. d5 e6 3. c4 exd5 4. cxd5 d6 5. Nc3 Ne7 6. Nf3 Ng6 7. g3 Be7 8. Bg2
O-O 9. O-O Re8 10. Qc2 a6 11. a4 Nd7 12. h3 b6 13. Nh2 Qc7 14. Ng4 c4 15. Ne3
Rb8 16. Nf5 Nc5 17. Nd4 Bf6 18. Nc6 Rb7 19. Be3 Bd7 20. Kh2 Ne7 21. Nxe7+ Rxe7
22. Ra2 g6 23. Bxc5 bxc5 24. Ne4 Bg7 25. Qxc4 Rb6 26. Qc2 Bf5 27. f3 Qb8 28.
Qd2 Bxe4 29. fxe4 Bxb2 30. Qg5 Reb7 31. h4 Qe8 32. Qg4 c4 0-1

[Event "12. Obert Pobla de Lillet 2002"]
[Site "La Pobla de Lillet ESP"]
[Date "2002.08.06"]
[Round "5.7"]
[White "Sanz Bastos, Fernando"]
[Black "Kalod, Radek"]
[Result "0-1"]
[WhiteElo "2121"]
[BlackElo "2451"]
[PlyCount "80"]
[EventDate "2002.08.02"]
[EventType "swiss"]
[EventRounds "9"]
[EventCountry "ESP"]
[Source "lmi"]
[SourceDate "2002.08.02"]

1. e4 c5 2. Nc3 d6 3. g3 Nc6 4. Bg2 g6 5. f4 Bg7 6. d3 Nf6 7. Nf3 O-O 8. O-O
Rb8 9. Bd2 b5 10. Qe1 b4 11. Nd1 a5 12. h3 Nd7 13. g4 Ba6 14. Qg3 c4 15. dxc4
Nb6 16. Re1 Nxc4 17. Bc1 Qb6+ 18. Kh1 Nd4 19. Ne3 Nxf3 20. Nxc4 Bxc4 21. Qxf3
Rfc8 22. e5 dxe5 23. fxe5 Be6 24. Re2 Qd4 25. Qe4 Qxe4 26. Bxe4 Bxe5 27. a3
bxa3 28. Rxa3 Bxb2 29. Bxb2 Rxb2 30. Rxa5 Rc3 31. Kh2 h5 32. Bxg6 Rxh3+ 33.
Kxh3 Bxg4+ 34. Kh4 Bxe2 35. Bf5 Rb4+ 36. Kg5 Kg7 37. Bh3 f6+ 38. Kf5 Kf7 39.
Ra7 Bd1 40. Rc7 Bxc2+ 0-1

[Event "12. Obert Pobla de Lillet 2002"]
[Site "La Pobla de Lillet ESP"]
[Date "2002.08.06"]
[Round "5.8"]
[White "Velicka, Petr"]
[Black "Pascual Genoves, Marc"]
[Result "1-0"]
[WhiteElo "2435"]
[BlackElo "2090"]
[PlyCount "73"]
[EventDate "2002.08.02"]
[EventType "swiss"]
[EventRounds "9"]
[EventCountry "ESP"]
[Source "lmi"]
[SourceDate "2002.08.02"]

1. e4 c5 2. Nf3 Nc6 3. Bb5 g6 4. Bxc6 dxc6 5. d3 Bg7 6. h3 Nf6 7. Nc3 O-O 8.
Be3 b6 9. Qd2 e5 10. Bh6 Qe7 11. O-O-O Nd7 12. Bxg7 Kxg7 13. Nh2 Rd8 14. Ng4 f6
15. Qh6+ Kg8 16. f4 Qg7 17. fxe5 Nxe5 18. Qxg7+ Kxg7 19. Nxe5 fxe5 20. Nb1 Be6
21. Nd2 Bg8 22. Rhf1 Rf8 23. b3 Rae8 24. Rxf8 Rxf8 25. Nf3 Re8 26. Rf1 a5 27.
Kd2 h6 28. Ke3 g5 29. Ng1 Be6 30. Ne2 b5 31. Ng1 a4 32. Nf3 Bg8 33. bxa4 b4 34.
a3 Ra8 35. axb4 Rxa4 36. bxc5 Ra5 37. c4 1-0

[Event "12. Obert Pobla de Lillet 2002"]
[Site "La Pobla de Lillet ESP"]
[Date "2002.08.07"]
[Round "6.1"]
[White "Abreu, Aryam"]
[Black "Pogorelov, Ruslan"]
[Result "0-1"]
[WhiteElo "2454"]
[BlackElo "2453"]
[PlyCount "152"]
[EventDate "2002.08.02"]
[EventType "swiss"]
[EventRounds "9"]
[EventCountry "ESP"]
[Source "lmi"]
[SourceDate "2002.08.02"]

1. e4 c5 2. Nf3 Nc6 3. d4 cxd4 4. Nxd4 g6 5. c4 Bg7 6. Be3 d6 7. Nc3 Nf6 8. Be2
O-O 9. O-O Bd7 10. Qd2 Nxd4 11. Bxd4 Bc6 12. f3 a5 13. b3 Nd7 14. Be3 Nc5 15.
Rab1 Qb6 16. Rfc1 Rfc8 17. Kh1 Qd8 18. Bd1 h5 19. a3 Kh7 20. b4 axb4 21. axb4
Ne6 22. Nd5 Ra3 23. Bb3 Qf8 24. Qd1 Re8 25. Qd2 Qh8 26. f4 Nd4 27. Bd1 e6 28.
b5 Bxd5 29. exd5 exd5 30. Bf2 Rc8 31. cxd5 Nf5 32. Bc2 Bb2 33. Rf1 Bc3 34. Qc1
Ra2 35. Bxf5 gxf5 36. Qd1 Kg6 37. Qf3 Bf6 38. Rbc1 Rac2 39. Rxc2 Rxc2 40. Qg3+
Kh6 41. Bd4 Qg7 42. Bxf6 Qxf6 43. Rg1 Rd2 44. Qb3 h4 45. Qh3 Rxd5 46. g4 Qe7
47. gxf5 Qe4+ 48. Qg2 Qxg2+ 49. Kxg2 Rxb5 50. Rd1 d5 51. Kf3 Kh5 52. Rd3 Rc5
53. h3 b5 54. Rb3 Kh6 55. Ke3 Kg7 56. Kd4 Rc4+ 57. Kxd5 Kf6 58. Rxb5 Rxf4 59.
Rb8 Kxf5 60. Rh8 Ra4 61. Kd6 f6 62. Rh5+ Kg6 63. Rh8 f5 64. Ke5 Re4+ 65. Kd6
Kg5 66. Kd5 Re3 67. Rg8+ Kf4 68. Rh8 Rxh3 69. Ke6 Re3+ 70. Kf6 h3 71. Rh5 Kg3
72. Kxf5 h2 73. Rg5+ Kf2 74. Rh5 Kg2 75. Kf4 Rf3+ 76. Kg4 Rf8 0-1

[Event "12. Obert Pobla de Lillet 2002"]
[Site "La Pobla de Lillet ESP"]
[Date "2002.08.07"]
[Round "6.2"]
[White "Dziuba, Marcin"]
[Black "Felgaer, Ruben"]
[Result "0-1"]
[WhiteElo "2454"]
[BlackElo "2528"]
[PlyCount "62"]
[EventDate "2002.08.02"]
[EventType "swiss"]
[EventRounds "9"]
[EventCountry "ESP"]
[Source "lmi"]
[SourceDate "2002.08.02"]

1. d4 Nf6 2. c4 g6 3. Nc3 Bg7 4. e4 d6 5. h3 O-O 6. Bg5 Na6 7. Nf3 Qe8 8. g4 h5
9. Nh2 c5 10. d5 Nh7 11. Be3 hxg4 12. hxg4 e6 13. Qd2 exd5 14. exd5 f5 15.
O-O-O fxg4 16. Rg1 Nf6 17. Be2 Nb4 18. a3 Bf5 19. axb4 cxb4 20. Nb5 Qxb5 21.
cxb5 Rac8+ 22. Qc3 bxc3 23. b3 c2 24. Rde1 Nxd5 25. Bc4 Rxc4 26. bxc4 Nb4 27.
Nxg4 Na2+ 28. Kd2 Bc3+ 29. Ke2 Bxg4+ 30. Rxg4 Bxe1 31. Kxe1 Re8 0-1

[Event "12. Obert Pobla de Lillet 2002"]
[Site "La Pobla de Lillet ESP"]
[Date "2002.08.07"]
[Round "6.3"]
[White "Kalod, Radek"]
[Black "Peralta, Fernando"]
[Result "1/2-1/2"]
[WhiteElo "2451"]
[BlackElo "2499"]
[PlyCount "98"]
[EventDate "2002.08.02"]
[EventType "swiss"]
[EventRounds "9"]
[EventCountry "ESP"]
[Source "lmi"]
[SourceDate "2002.08.02"]

1. e4 d6 2. d4 Nf6 3. Nc3 g6 4. Nf3 Bg7 5. h3 O-O 6. Be3 a6 7. a4 b6 8. Bc4 e6
9. O-O Bb7 10. e5 dxe5 11. Nxe5 Nc6 12. Be2 Nxe5 13. dxe5 Nd5 14. Nxd5 exd5 15.
f4 f6 16. exf6 Qxf6 17. Bf3 Rae8 18. Bc1 Rd8 19. Ra3 c5 20. Rd3 Qf7 21. b3 b5
22. axb5 axb5 23. Kh1 c4 24. bxc4 bxc4 25. Ra3 d4 26. Bxb7 Qxb7 27. Raf3 Qd5
28. Qe1 Rfe8 29. Qf2 d3 30. cxd3 cxd3 31. Be3 Qf5 32. Qa2+ Kh8 33. Qd2 Rd5 34.
Rd1 h5 35. Qf2 Kh7 36. Rg3 Qe4 37. Ba7 d2 38. Re3 Qa4 39. Qf3 Ra8 40. Re7 Rc8
41. Qxd5 Qxd1+ 42. Kh2 Rc1 43. Rxg7+ Kxg7 44. Bd4+ Kf8 45. Qd8+ Kf7 46. Qf6+
Ke8 47. Qe6+ Kf8 48. Qf6+ Ke8 49. Qe6+ Kf8 1/2-1/2

[Event "12. Obert Pobla de Lillet 2002"]
[Site "La Pobla de Lillet ESP"]
[Date "2002.08.07"]
[Round "6.6"]
[White "Berzinsh, Roland"]
[Black "Bautista Sanchez, Joan"]
[Result "1-0"]
[WhiteElo "2463"]
[BlackElo "2217"]
[PlyCount "57"]
[EventDate "2002.08.02"]
[EventType "swiss"]
[EventRounds "9"]
[EventCountry "ESP"]
[Source "lmi"]
[SourceDate "2002.08.02"]

1. e4 c6 2. d4 d5 3. Nc3 dxe4 4. Nxe4 Nf6 5. Nxf6+ gxf6 6. c3 Bf5 7. Nf3 e6 8.
g3 Qd5 9. Qe2 Qe4 10. Be3 Qc2 11. Nh4 Qxe2+ 12. Bxe2 Bg6 13. O-O-O Nd7 14. Rhf1
O-O-O 15. f4 f5 16. c4 c5 17. Rd3 Be7 18. Rfd1 Rhe8 19. Bf3 cxd4 20. Rxd4 Nc5
21. b4 Na6 22. a3 Kb8 23. Rd7 Rxd7 24. Rxd7 Nc7 25. Bxa7+ Kc8 26. Rd1 Bxh4 27.
gxh4 f6 28. Rd6 Bf7 29. Rb6 1-0

[Event "12. Obert Pobla de Lillet 2002"]
[Site "La Pobla de Lillet ESP"]
[Date "2002.08.07"]
[Round "6.7"]
[White "Vazquez, Renier"]
[Black "Foisor, Cristina Adela"]
[Result "1-0"]
[WhiteElo "2406"]
[BlackElo "2419"]
[PlyCount "97"]
[EventDate "2002.08.02"]
[EventType "swiss"]
[EventRounds "9"]
[EventCountry "ESP"]
[Source "lmi"]
[SourceDate "2002.08.02"]

1. e4 g6 2. d4 Bg7 3. Nf3 d6 4. c3 Nf6 5. Bd3 O-O 6. O-O Nbd7 7. Re1 e5 8. h3
b6 9. a4 a6 10. Be3 Bb7 11. Nbd2 Re8 12. Bg5 Qb8 13. Qc2 h6 14. Be3 Re7 15. b4
d5 16. dxe5 Nxe4 17. Bf4 Nxd2 18. Qxd2 Qf8 19. a5 b5 20. e6 Rxe6 21. Rxe6 fxe6
22. Re1 g5 23. Bg3 Qf7 24. h4 gxh4 25. Nxh4 e5 26. Nf5 e4 27. Nxh6+ Bxh6 28.
Qxh6 Re8 29. Be2 Qg7 30. Qxg7+ Kxg7 31. Bxc7 Rc8 32. Bf4 Rxc3 33. Bg4 Nf6 34.
Be5 Rc4 35. Be6 Kg6 36. Re3 Nh5 37. Rb3 Rc6 38. Bd7 Rc1+ 39. Kh2 Kf7 40. Rh3
Nf6 41. Bf5 Bc8 42. Rh6 Ng4+ 43. Bxg4 Bxg4 44. Rxa6 Rc4 45. Rf6+ Ke7 46. Rb6 d4
47. a6 d3 48. a7 Rc8 49. Bb8 1-0

[Event "12. Obert Pobla de Lillet 2002"]
[Site "La Pobla de Lillet ESP"]
[Date "2002.08.07"]
[Round "6.10"]
[White "Diaz Lopez, Pedro"]
[Black "Ayas Fernandez, Antonio"]
[Result "0-1"]
[WhiteElo "2066"]
[BlackElo "2285"]
[PlyCount "72"]
[EventDate "2002.08.02"]
[EventType "swiss"]
[EventRounds "9"]
[EventCountry "ESP"]
[Source "lmi"]
[SourceDate "2002.08.02"]

1. Nf3 c5 2. g3 b6 3. Bg2 Bb7 4. O-O Nf6 5. d3 e6 6. e4 d6 7. a4 Be7 8. Nbd2
O-O 9. Re1 Nc6 10. h3 a6 11. Nf1 b5 12. g4 Nd7 13. Ng3 Nd4 14. Bf4 Qb6 15. a5
Qc7 16. c3 Nc6 17. d4 cxd4 18. cxd4 Nxa5 19. d5 e5 20. Bd2 Nc4 21. Nf5 Rfe8 22.
Qc1 Nc5 23. Qc3 Rac8 24. b3 Nxd2 25. Nxd2 b4 26. Qe3 Bf8 27. Nc4 Nxb3 28. Ncxd6
Nxa1 29. Nxe8 Rxe8 30. Rxa1 Rc8 31. Bf1 g6 32. Ng3 Bc5 33. Qb3 a5 34. Bc4 Kg7
35. Kg2 Bd4 36. Ra2 Qxc4 0-1

[Event "12. Obert Pobla de Lillet 2002"]
[Site "La Pobla de Lillet ESP"]
[Date "2002.08.08"]
[Round "7.1"]
[White "Pogorelov, Ruslan"]
[Black "Felgaer, Ruben"]
[Result "1/2-1/2"]
[WhiteElo "2453"]
[BlackElo "2528"]
[PlyCount "22"]
[EventDate "2002.08.02"]
[EventType "swiss"]
[EventRounds "9"]
[EventCountry "ESP"]
[Source "lmi"]
[SourceDate "2002.08.02"]

1. Nf3 d5 2. d4 Nf6 3. c4 c6 4. cxd5 cxd5 5. Nc3 Nc6 6. Bf4 a6 7. e3 Bg4 8. Be2
e6 9. h3 Bxf3 10. Bxf3 Bd6 11. Bxd6 Qxd6 1/2-1/2

[Event "12. Obert Pobla de Lillet 2002"]
[Site "La Pobla de Lillet ESP"]
[Date "2002.08.08"]
[Round "7.2"]
[White "Sulypa, Alexandre"]
[Black "Kalod, Radek"]
[Result "0-1"]
[WhiteElo "2505"]
[BlackElo "2451"]
[PlyCount "82"]
[EventDate "2002.08.02"]
[EventType "swiss"]
[EventRounds "9"]
[EventCountry "ESP"]
[Source "lmi"]
[SourceDate "2002.08.02"]

1. d4 Nf6 2. c4 g6 3. Nc3 d5 4. cxd5 Nxd5 5. e4 Nxc3 6. bxc3 Bg7 7. Bc4 c5 8.
Ne2 Nc6 9. Be3 O-O 10. O-O cxd4 11. cxd4 Na5 12. Bd3 Be6 13. Rc1 Bxa2 14. Qa4
Bb3 15. Qa3 b6 16. Bd2 Rb8 17. Ba6 Be6 18. Bf4 Ra8 19. Rfd1 Bc8 20. Bb5 Bd7 21.
Ba6 Bc8 22. Bb5 Bd7 23. Bd3 Rc8 24. d5 e5 25. Bd2 f5 26. Bb4 Rf7 27. d6 Be6 28.
Bxa5 bxa5 29. Rxc8 Qxc8 30. Qxa5 Rd7 31. Bb1 Qf8 32. Qa6 Qf7 33. Nc3 Bf8 34.
Qc6 Bb3 35. Rd2 Qe6 36. exf5 gxf5 37. g4 Rxd6 38. Rxd6 Qxd6 39. Qxd6 Bxd6 40.
Bxf5 Bb4 41. Nb5 a5 0-1

[Event "12. Obert Pobla de Lillet 2002"]
[Site "La Pobla de Lillet ESP"]
[Date "2002.08.08"]
[Round "7.3"]
[White "Peralta, Fernando"]
[Black "Vazquez, Renier"]
[Result "1-0"]
[WhiteElo "2499"]
[BlackElo "2406"]
[PlyCount "47"]
[EventDate "2002.08.02"]
[EventType "swiss"]
[EventRounds "9"]
[EventCountry "ESP"]
[Source "lmi"]
[SourceDate "2002.08.02"]

1. Nf3 Nf6 2. c4 g6 3. Nc3 Bg7 4. e4 d6 5. d4 O-O 6. Be3 Bg4 7. Qb3 Bxf3 8.
gxf3 Qc8 9. O-O-O e5 10. dxe5 dxe5 11. h4 Nc6 12. Bh3 Qb8 13. f4 Re8 14. Rhe1
a6 15. c5 Qa7 16. fxe5 Nxe5 17. f4 Neg4 18. Bg1 Bh6 19. Rf1 Qb8 20. Kb1 Qc8 21.
e5 Qf5+ 22. Ka1 Nh5 23. Nd5 c6 24. Ne3 1-0

[Event "12. Obert Pobla de Lillet 2002"]
[Site "La Pobla de Lillet ESP"]
[Date "2002.08.08"]
[Round "7.4"]
[White "Velicka, Petr"]
[Black "Berzinsh, Roland"]
[Result "1/2-1/2"]
[WhiteElo "2435"]
[BlackElo "2463"]
[PlyCount "23"]
[EventDate "2002.08.02"]
[EventType "swiss"]
[EventRounds "9"]
[EventCountry "ESP"]
[Source "lmi"]
[SourceDate "2002.08.02"]

1. e4 e5 2. Nf3 Nc6 3. Bb5 a6 4. Ba4 Nf6 5. O-O Be7 6. Re1 b5 7. Bb3 O-O 8. c3
d6 9. h3 Bb7 10. d3 Na5 11. Bc2 c5 12. Nbd2 1/2-1/2

[Event "12. Obert Pobla de Lillet 2002"]
[Site "La Pobla de Lillet ESP"]
[Date "2002.08.08"]
[Round "7.5"]
[White "Abreu, Aryam"]
[Black "Ayza Ballester, Jordi"]
[Result "1-0"]
[WhiteElo "2454"]
[BlackElo "2289"]
[PlyCount "107"]
[EventDate "2002.08.02"]
[EventType "swiss"]
[EventRounds "9"]
[EventCountry "ESP"]
[Source "lmi"]
[SourceDate "2002.08.02"]

1. e4 c5 2. Nf3 g6 3. d4 cxd4 4. Nxd4 Nc6 5. c4 Nf6 6. Nc3 Nxd4 7. Qxd4 d6 8.
Be2 Bg7 9. Bg5 O-O 10. Qd2 Be6 11. Rc1 a6 12. b3 Rc8 13. f3 Qa5 14. O-O Rfe8
15. Rfd1 Nd7 16. Nd5 Qxd2 17. Rxd2 Bxd5 18. Rxd5 Rc7 19. Kf2 Bf8 20. g4 f6 21.
Be3 g5 22. h4 h6 23. f4 gxf4 24. Bxf4 Ne5 25. Rg1 e6 26. Rdd1 Nf7 27. Rg3 Rec8
28. Rh1 Bg7 29. Rd1 Bf8 30. Be3 Rb8 31. a4 Rbc8 32. a5 Ne5 33. Bf1 Re8 34. Bh3
Nf7 35. Bb6 Rcc8 36. Bg2 Re7 37. Kg1 Kh7 38. Bd4 Ne5 39. Bc3 Rg7 40. Bh3 Re8
41. Kg2 Rf7 42. c5 dxc5 43. g5 Ng6 44. gxf6 Nf4+ 45. Kf3 Nh5 46. e5 Nxg3 47.
Kxg3 Rc7 48. Bf1 Kh8 49. Bc4 Rf7 50. Kg4 Rc7 51. Kh5 Rf7 52. Kg6 Kg8 53. Rf1 h5
54. Bb2 1-0

[Event "12. Obert Pobla de Lillet 2002"]
[Site "La Pobla de Lillet ESP"]
[Date "2002.08.08"]
[Round "7.6"]
[White "Sanz Bastos, Fernando"]
[Black "Dziuba, Marcin"]
[Result "0-1"]
[WhiteElo "2121"]
[BlackElo "2454"]
[PlyCount "80"]
[EventDate "2002.08.02"]
[EventType "swiss"]
[EventRounds "9"]
[EventCountry "ESP"]
[Source "lmi"]
[SourceDate "2002.08.02"]

1. e4 c5 2. Nc3 Nc6 3. g3 g6 4. Bg2 Bg7 5. d3 e6 6. f4 Nge7 7. Nf3 O-O 8. O-O
d6 9. Bd2 Rb8 10. Qe1 b5 11. g4 b4 12. Nd1 f5 13. h3 a5 14. Qh4 h6 15. Rb1 a4
16. Ne3 b3 17. axb3 axb3 18. c3 Ba6 19. Ne1 Qd7 20. gxf5 exf5 21. Kh1 fxe4 22.
Bxe4 d5 23. Bf3 Rf7 24. Bg4 Qd6 25. Rf2 Rbf8 26. f5 g5 27. Qh5 d4 28. Nc4 Bxc4
29. dxc4 Nxf5 30. Bxf5 Rxf5 31. Rxf5 Rxf5 32. Nf3 Qf8 33. Kg2 Ne5 34. Nxe5 Rf2+
35. Kg1 Bxe5 36. Qg6+ Kh8 37. Qe4 Bh2+ 38. Kh1 Rxd2 39. Ra1 Bb8 40. cxd4 Rh2+
0-1

[Event "12. Obert Pobla de Lillet 2002"]
[Site "La Pobla de Lillet ESP"]
[Date "2002.08.08"]
[Round "7.7"]
[White "Martorell Aguado, Joan"]
[Black "Foisor, Ovidiu"]
[Result "0-1"]
[WhiteElo "2076"]
[BlackElo "2422"]
[PlyCount "38"]
[EventDate "2002.08.02"]
[EventType "swiss"]
[EventRounds "9"]
[EventCountry "ESP"]
[Source "lmi"]
[SourceDate "2002.08.02"]

1. e4 c6 2. d4 g6 3. Nc3 d5 4. e5 Bg7 5. Be3 f6 6. f4 Nh6 7. Be2 O-O 8. h4 fxe5
9. fxe5 Nf5 10. Bf2 Bh6 11. g4 Ne3 12. Bxe3 Bxe3 13. Qd3 Bf2+ 14. Kd2 Qb6 15.
Nf3 Bxg4 16. Raf1 Bf5 17. Rxf2 Bxd3 18. Bxd3 Nd7 19. h5 Nxe5 0-1

[Event "12. Obert Pobla de Lillet 2002"]
[Site "La Pobla de Lillet ESP"]
[Date "2002.08.08"]
[Round "7.8"]
[White "Ayas Fernandez, Antonio"]
[Black "Kovacevic, Slobodan"]
[Result "0-1"]
[WhiteElo "2285"]
[BlackElo "2374"]
[PlyCount "82"]
[EventDate "2002.08.02"]
[EventType "swiss"]
[EventRounds "9"]
[EventCountry "ESP"]
[Source "lmi"]
[SourceDate "2002.08.02"]

1. c4 c5 2. Nc3 b6 3. Nf3 Nf6 4. g3 Bb7 5. Bg2 e6 6. O-O Be7 7. Re1 a6 8. e4 d6
9. d4 cxd4 10. Nxd4 Qc7 11. Be3 Nbd7 12. Rc1 Rc8 13. f4 Qb8 14. Qe2 Qa8 15. Bf2
O-O 16. f5 e5 17. Nc2 h6 18. Rcd1 Rc7 19. a4 Nc5 20. b4 Ncd7 21. Ne3 Rfc8 22.
Qc2 d5 23. exd5 Bxb4 24. d6 Rc5 25. Bxb7 Qxb7 26. Re2 Bxc3 27. Qxc3 Qf3 28. Qe1
Kh7 29. Rc2 b5 30. axb5 axb5 31. Rdc1 bxc4 32. Nxc4 R5c6 33. Nd2 Qd5 34. Rxc6
Rxc6 35. Rxc6 Qxc6 36. Qb1 Qxd6 37. Ne4 Qd5 38. Nc3 Qf3 39. Nd1 Ne4 40. Qc2
Ndf6 41. Ne3 Ng5 0-1